El incumplimiento resolutorio en el Código Civil

Zapisane w:
Opis bibliograficzny
1. autor: Mejías Alonzo, Claudia Carolina (autora)
Format: Książka
Język:hiszpański
Wydane: Santiago Legal Publishing 2011
Wydanie:1a. ed
Hasła przedmiotowe:
Etykiety: Dodaj etykietę
Nie ma etykietki, Dołącz pierwszą etykiete!

MARC

LEADER 00000cam a2200000 a 4500
001 UCG8156
003 CL-VaPUC
008 111124e20110700CL |||||||||||||||||spa|d
020 |a 9789563460384 
082 0 4 |a 346.022  |b MEJ  |2 21 
100 |a Mejías Alonzo, Claudia Carolina  |e autora  |9 868770 
245 1 3 |a El incumplimiento resolutorio en el Código Civil 
250 |a 1a. ed 
300 |a 312 p 
942 |c BK 
945 |d 20111124 00:00:00  |a dcastane 
260 |a Santiago  |b Legal Publishing  |c 2011 
650 0 |a Código civil  |9 256135 
650 0 |a Incumplimiento  |9 430715 
650 0 |a Contratos  |9 255153 
583 |a last modification  |c 20150415 09:53:39  |k Rodrigo Vera 
999 |c 345788  |d 345786 
952 |0 0  |1 0  |4 0  |6 346_022000000000000_MEJ_2011  |7 0  |8 A  |9 446051  |a BIBDER  |b BIBDER  |d 2019-11-22  |i 4804643  |l 7  |m 3  |o 346.022 MEJ 2011  |p 4804643  |r 2024-09-30  |s 2024-09-30  |w 2019-11-22  |y BK  |k DER 
952 |0 0  |1 0  |4 0  |6 346_022000000000000_MEJ_2011  |7 0  |8 A  |9 446052  |a BIBDER  |b BIBDER  |d 2019-11-22  |i 4917006  |l 5  |m 3  |o 346.022 MEJ 2011  |p 4917006  |r 2024-11-20  |s 2024-11-15  |w 2019-11-22  |y BK  |k DER 
952 |0 0  |1 0  |2 ddc  |4 0  |6 346_022000000000000_MEJ_2011  |7 1  |8 C_LRYV  |9 446053  |a BIBDER  |b BIBDER  |d 2019-11-22  |i 4917014  |l 1  |o 346.022 MEJ 2011  |p 4917014  |r 2023-01-25  |s 2022-01-04  |w 2019-11-22  |y BK_X  |k BRV